Nueva Ley de crecimiento econm̤ico Ley 2010 de 2019

Detalles Bibliográficos
Formato: eBook
Lenguaje:español
Publicado: Bogot:̀ Grupo Editorial Nueva Legislacin̤, 2020
Materias:
Acceso en línea:Acceso restringido

MARC

LEADER 00000nam a22000007a 4500
005 20201118215647.0
007 cr|||| ||||
008 201118s2020 co |||||s|||| 00||0 spa d
020 |a 978-958-52648-2-3 
035 |a 32227 
040 |a vLex 
090 |c 10894  |d 10894 
245 0 0 |a Nueva Ley de crecimiento econm̤ico  |h [Recurso electrn̤ico] :  |b Ley 2010 de 2019 
256 |a Servicio en ln̕ea 
260 |a Bogot:̀  |b Grupo Editorial Nueva Legislacin̤,  |c 2020 
300 |a 1 recurso electrn̤ico 
506 1 |a Disponible solo en los productos indicados  |d vLex Global  |d vLex Global (Academic Edition, excluding Law Schools)  |d vLex Global (U.S. Academic Edition, Law Schools)  |d vLex Global (U.S. Academic Edition, excluding Law Schools)  |d vLex Global (Academic Edition, Law Schools) 
650 0 4 |a Economa̕ y negocios  |z Colombia 
740 0 |a vLex Libros (Servicio en ln̕ea) 
856 4 0 |u http://vlex.com/source/nueva-ley-crecimiento-economico-ley-2010-2019-32227  |z Acceso restringido 
942 |c BOOK 
999 0 |a Economy and business